• 首页
  • 本馆介绍
  • 公告通知
  • 最新文献
  • 馆藏检索
  • 电子资源
  • 读者导购
  • 参考咨询
  • 我的图书馆
  • 登录
  • 详细信息显示
  • 放入我的书架
  • 预约/预借图书
  • 作者相关作品
  • 分类相关作品
  • 丛书相关作品
  • 出版社相关作品

书目信息

  • 表格格式
  • 工作单格式
  • 卡片格式
题名:
电子线路CAD仿真与综合设计
    
 
作者: 林弥 , 李付鹏 , 张晓红 , 刘国华 编著
分册:  
出版信息: 北京   电子工业出版社  2019.05
页数: 11, 239页
开本: 26cm
丛书名:
单 册:
中图分类: TN702.2
科图分类:
主题词: 电子电路--dian zi dian lu--电路设计--计算机辅助设计--AutoCAD软件--高等学校--教材
电子资源:
ISBN: 978-7-121-36228-6
000 01473nam0 2200325 450
001 0106081759
005 20201109083528.10
010    @a978-7-121-36228-6@dCNY45.00
100    @a20190731d2019 em y0chiy50 ea
101 0  @achi
102    @aCN@b110000
105    @ay az 000yy
106    @ar
200 1  @a电子线路CAD仿真与综合设计@Adian zi xian lu CAD fang zhen yu zong he she ji@f林弥[等]编著
205    @a2版
210    @a北京@c电子工业出版社@d2019.05
215    @a11, 239页@d26cm
300    @a普通高等教育“十三五”规划教材电子设计系列规划教材
304    @a编著者还有:李付鹏、张晓红、刘国华
307    @a实际页数为:240
320    @a有书目(第240页)
330    @a本书有6部分内容:PSpice设计软件简介、数字逻辑电路及模数混合电路仿真、AltiumDesigner13软件应用、基础性电路分析设计与仿真、综合性电路设计与仿真、LTSpice设计平台简介,编排了模拟电子电路、通信电子电路、模数混合电路等多个设计仿真任务。其中,LTSpice为较新的电路设计仿真软件。该软件除用于教材设计内容外,还可在高频电路的课程设计及毕业设计等教学过程中选用。此外,书中还对各电路的基本结构、工作原理、性能参数、技术指标等理论知识进行简单介绍。
606 0  @a电子电路@Adian zi dian lu@x电路设计@x计算机辅助设计@xAutoCAD软件@x高等学校@j教材
690    @aTN702.2@v5
701  0 @a林弥@Alin mi@4编著
701  0 @a李付鹏@Ali fu peng@4编著
701  0 @a张晓红@Azhang xiao hong@4编著
701  0 @a刘国华@Aliu guo hua@4编著
801  0 @aCN@bBJSZM@c20201106
905    @b1191296-9@dTN702.2@e369=2@f4
    
    电子线路CAD仿真与综合设计/林弥[等]编著.-2版.-北京:电子工业出版社,2019.05
    11, 239页;26cm
    普通高等教育“十三五”规划教材电子设计系列规划教材
    
    ISBN 978-7-121-36228-6:CNY45.00
    本书有6部分内容:PSpice设计软件简介、数字逻辑电路及模数混合电路仿真、AltiumDesigner13软件应用、基础性电路分析设计与仿真、综合性电路设计与仿真、LTSpice设计平台简介,编排了模拟电子电路、通信电子电路、模数混合电路等多个设计仿真任务。其中,LTSpice为较新的电路设计仿真软件。该软件除用于教材设计内容外,还可在高频电路的课程设计及毕业设计等教学过程中选用。此外,书中还对各电路的基本结构、工作原理、性能参数、技术指标等理论知识进行简单介绍。
●
相关链接 在E读中查询图书 在五车中查询图书 在当当中查询图书 在豆瓣中查询图书


正题名:电子线路CAD仿真与综合设计     索取号:TN702.2/369=2         预约/预借

序号 登录号 条形码 馆藏地/架位号 状态 备注
1 1191296   211912965   第二样本阅览室/ [索取号:TN702.2/369=2] 在馆    
唐山师范学院图书馆 欢迎您!
大连网信软件有限公司© 版权所有